Ruskin Bond Great Stories for Children (Record no. 12626)

MARC details
000 -LEADER
fixed length control field 00259nam a22000977a 4500
008 - FIXED-LENGTH DATA ELEMENTS--GENERAL INFORMATION
fixed length control field 240831b |||||||| |||| 00| 0 eng d
020 ## - INTERNATIONAL STANDARD BOOK NUMBER
International Standard Book Number 9788129118929
100 ## - MAIN ENTRY--PERSONAL NAME
Personal name Bond Ruskin
245 ## - TITLE STATEMENT
Title Ruskin Bond Great Stories for Children
260 ## - PUBLICATION, DISTRIBUTION, ETC. (IMPRINT)
Place of publication, distribution, etc. New Delhi
Name of publisher, distributor, etc. Rupa
Date of publication, distribution, etc. 2011
Holdings
Withdrawn status Lost status Source of classification or shelving scheme Damaged status Koha normalized classification for sorting Not for loan Home library Current library Shelving location Date acquired Total Checkouts Full call number Barcode Checked out Date last seen Date last checked out Price effective from Koha item type
    Dewey Decimal Classification   BON_823_000000000000000   Good Samaritan School Library Good Samaritan School Library FICTION 08/31/2024 3 BON823 BON17897 04/22/2026 04/08/2026 04/08/2026 08/31/2024 BOOK

Powered by Koha